Ahvenanmaa-visa - Statistics

Yleistilastot
  • Tätä visaa on pelattu 1 145 kertaa
    1 076 viimeisimmän päivityksen jälkeen
  • Keskiarvotulos 11 / 16
Vastaustilastot
Vihje Vastaus % Oikein
Kieli, jota 88 prosenttia väestöstä puhuu äidinkielenään Ruotsi
99%
Pääkaupunki ja väkirikkain kunta Maarianhamina
98%
Meri, jossa Ahvenanmaa sijaitsee Itämeri
95%
Ahvenanmaa on Suomen _____ maakunta, väkiluvultaan ja pinta-alaltaan Pienin
95%
Ahvenanmaalle myönnettiin tämä asema vuonna 1920 Itsehallinto
78%
Maisema-alue, johon Ahvenanmaa kuuluu {Saaristo}-Suomi
73%
Koristeellisten salkojen pystyttämisestä tunnettu juhla Juhannus
71%
Mitä ovat Kastelholma ja Bomarsund? Linnoja
69%
Prosenttiosuus Ahvenanmaan saarista, jotka ovat asutettuja (lähimpään kokonaislukuun pyöristettynä) 1
66%
Ihmisryhmä, joka asutti saarta 800-luvulla Viikingit
57%
Vaakunassa esiintyvä eläin Saksanhirvi
49%
Väkiluvultaan Suomen pienin kunta Sottunga
47%
Suurin saari {Manner}-Ahvenanmaa
45%
Jälkiruoka, jonka raaka-aineisiin kuuluu manna- tai riisipuuro Ahvenanmaan {pannukakku}
42%
Ahvenanmaa demilitarisoitiin tämän 1800-luvun sodan jälkeen Krimin sota
39%
Järjestö, joka myönsi Suomelle Ahvenanmaan omistusoikeuden Kansainliitto
32%
Ehtoja vastaavia visoja ei löytynyt
Tulosjakauma
Jokaisen tuloksen saaneiden osuus
Persentiili vastausten määrän mukaan
Tuloshistoriasi
Et ole pelannut tätä visaa sen viimeisimmän päivityksen jälkeen